00912 2200301 4500001002100000005001500021035002000036007000300056040001700059100003500076245013400111250001300245300003600258020001800294041000800312082001100320084001700331090002300348264003300371336002100404337003000425338002300455650001900478700003700497850001000534008004100544990002500585INLIS00000000000673520260410115128 a0010-0622000070ta aSBPUPADbind0 ayusup priyasudiarjaePengarang1 aTujuh Puluh Cara Jitu Membuat Kalimat PercakapanBahasa Inggris Dengan Grammar Tepat /cYusup Priyasudiarja ;Editor,Arie Prabawati a.-cet.10 axii, 348 hal :billus. ;c23 cm a97897902514030 aind a372.61 a372.61 YUS t a372.61 YUS t L9-R9 a.--Yogyakarta :bAndi,c2013 2rdacontentaTeks 2rdamediaaTanpa Perantara 2rdacarrieravolume 4aBahasa Inggris0 aeditor,arie prabawatiePengarang aPUPAD260410 0  a22.273/KAPD/PDG/2016